[Event "Olympiad-44"]
[Site "Chennai"]
[Date "2022.08.08"]
[Round "10.3"]
[White "Capella, Rurik"]
[Black "Espirito Santo, Waldyr"]
[Result "1-0"]
[WhiteElo "1952"]
[BlackElo "1922"]
[PlyCount "121"]
[EventDate "2022.07.29"]
[EventType "team-swiss"]
[EventRounds "11"]
[EventCountry "IND"]
[SourceTitle "CBM 210"]
[Source "ChessBase"]
[SourceDate "2022.10.31"]
[SourceVersion "1"]
[SourceVersionDate "2022.10.31"]
[SourceQuality "1"]
[WhiteTeam "Netherlands Antilles"]
[BlackTeam "Sao Tome and Principe"]
[WhiteTeamCountry "AHO"]
[BlackTeamCountry "SAO"]

1. d4 Nf6 2. Bg5 e6 3. e4 Be7 4. e5 Nd5 5. Bd2 0-0 6. c4 Nb6 7. Bd3 f5 8. Nc3 d6 9. exd6 cxd6 10. f4 Nc6 11. Nf3 e5 12. d5 Nb4 13. Be2 e4 14. Nd4 Bf6 15. Be3 Nd3+ 16. Bxd3 exd3 17. Qxd3 Re8 18. 0-0 Nxc4 19. Qxc4 Rxe3 20. Nc2 Re8 21. Kh1 Qb6 22. Rab1 Bd7 23. h3 Re7 24. Rfd1 Rc8 25. Qd3 Rce8 26. a3 a6 27. Nd4 Re3 28. Qd2 Bxd4 29. Qxd4 Re1+ 30. Kh2 Qxd4 31. Rxd4 R1e3 32. Rc4 R8e7 33. Kg1 Kf7 34. Kf2 Be8 35. Rc8 Rd3 36. Rd1 Rxd1 37. Nxd1 Re4 38. g3 Rd4 39. Ne3 Rd2+ 40. Kf3 Rxb2 41. Nxf5 Ba4 42. Nxd6+ Ke7 43. Nf5+ Kd7 44. Rg8 g6 45. Rg7+ Kd8 46. Nd4 Bd7 47. Rxh7 b5 48. g4 Ra2 49. f5 gxf5 50. gxf5 Rxa3+ 51. Ke4 Kc7 52. h4 b4 53. f6 Kd6 54. f7 Ke7 55. f8Q+ Kxf8 56. Rxd7 Rh3 57. Nf5 a5 58. Ra7 Ra3 59. d6 Ke8 60. Ng7+ Kd8 61. Ne6+ 1-0

[Event "Olympiad-44"]
[Site "Chennai"]
[Date "2022.07.29"]
[Round "1.3"]
[White "Rodshtein, Maxim"]
[Black "Capella, Rurik"]
[Result "1-0"]
[WhiteElo "2596"]
[BlackElo "1952"]
[PlyCount "89"]
[EventDate "2022.07.29"]
[EventType "team-swiss"]
[EventRounds "11"]
[EventCountry "IND"]
[SourceTitle "CBM 210"]
[Source "ChessBase"]
[SourceDate "2022.10.31"]
[SourceVersion "1"]
[SourceVersionDate "2022.10.31"]
[SourceQuality "1"]
[WhiteTeam "Israel"]
[BlackTeam "Netherlands Antilles"]
[WhiteTeamCountry "ISR"]
[BlackTeamCountry "AHO"]

1. d4 Nf6 2. c4 c5 3. d5 e6 4. Nc3 exd5 5. cxd5 d6 6. Nf3 g6 7. Bf4 Bg7 8. Qa4+ Bd7 9. Qb3 Qc7 10. e4 Nh5 11. Be3 0-0 12. Nd2 a6 13. a4 f5 14. exf5 gxf5 15. Be2 Be8 16. Nc4 Nd7 17. Qd1 Nhf6 18. Bf4 Ne5 19. Bxe5 dxe5 20. d6 Qd8 21. Nxe5 Kh8 22. f4 Ne4 23. Nxe4 Bxe5 24. fxe5 fxe4 25. Qd2 Qh4+ 26. g3 Qh3 27. Qc3 Qg2 28. e6+ Kg8 29. Rf1 Bh5 30. Qd2 Bxe2 31. Qxe2 Rxf1+ 32. Qxf1 Qxb2 33. Qf7+ Kh8 34. Rd1 Qxh2 35. Qf6+ Kg8 36. Qf7+ Kh8 37. e7 Qxg3+ 38. Ke2 Qh2+ 39. Qf2 Qh5+ 40. Ke3 Qh6+ 41. Qf4 Qg7 42. Kxe4 Qg2+ 43. Kd3 c4+ 44. Kc3 Qh3+ 45. Kd4 1-0

[Event "Online Olym Div4 E"]
[Site "Chess.com INT"]
[Date "2021.08.21"]
[Round "4.3"]
[White "Lill, Sami"]
[Black "Capella, Rurik"]
[Result "0-1"]
[WhiteElo "1836"]
[BlackElo "1952"]
[PlyCount "50"]
[EventDate "2021.08.20"]
[EventType "team (rapid)"]
[EventRounds "11"]
[EventCountry "USA"]
[SourceTitle "CBM 203 Extra"]
[Source "ChessBase"]
[SourceDate "2021.09.30"]
[SourceVersion "1"]
[SourceVersionDate "2021.09.30"]
[SourceQuality "1"]
[WhiteTeam "Bermuda"]
[BlackTeam "Netherlands Antilles"]
[WhiteTeamCountry "BER"]
[BlackTeamCountry "AHO"]

1. c4 e5 2. g3 c6 3. Nc3 f5 4. Bg2 Nf6 5. d3 d5 6. b3 d4 7. Nb1 Bd6 8. Bd2 0-0 9. Qc1 Qe7 10. Nh3 Nbd7 11. a4 a5 12. Na3 Nc5 13. Rb1 e4 14. dxe4 Ncxe4 15. Nc2 d3 16. Ne3 Nxd2 17. Kxd2 Ba3 18. Qf1 Ne4+ 19. Bxe4 Qb4+ 20. Kd1 fxe4 21. exd3 Bxh3 22. Qxh3 Rxf2 23. Nf1 Rd8 24. Qe6+ Kh8 25. Qxe4 Qc3 0-1

[Event "Online Olym Div4 E"]
[Site "Chess.com INT"]
[Date "2021.08.20"]
[Round "3.4"]
[White "Capella, Rurik"]
[Black "Guillaume, Jude Mirvens"]
[Result "1/2-1/2"]
[WhiteElo "1952"]
[BlackElo "2022"]
[PlyCount "127"]
[EventDate "2021.08.20"]
[EventType "team (rapid)"]
[EventRounds "11"]
[EventCountry "USA"]
[SourceTitle "CBM 203 Extra"]
[Source "ChessBase"]
[SourceDate "2021.09.30"]
[SourceVersion "1"]
[SourceVersionDate "2021.09.30"]
[SourceQuality "1"]
[WhiteTeam "Netherlands Antilles"]
[BlackTeam "Haiti"]
[WhiteTeamCountry "AHO"]
[BlackTeamCountry "HAI"]

1. e4 c5 2. Nf3 d6 3. c3 Nf6 4. e5 dxe5 5. Nxe5 e6 6. Bb5+ Nbd7 7. 0-0 a6 8. Bxd7+ Nxd7 9. f4 Bd6 10. d4 cxd4 11. cxd4 0-0 12. Nc3 b5 13. Ne4 Be7 14. Be3 Bb7 15. Nxd7 Qxd7 16. Nc5 Qd5 17. Nxb7 Qxb7 18. f5 exf5 19. Rxf5 Rad8 20. Qg4 Qc6 21. Raf1 Qe6 22. Qf3 Bd6 23. d5 Qe7 24. Re1 Bxh2+ 25. Kf2 Qh4+ 26. g3 Qh3 27. Rf4 Bxg3+ 28. Qxg3 Qxg3+ 29. Kxg3 Rxd5 30. Bd4 Rfd8 31. a3 f6 32. Bc3 Kf7 33. Rfe4 Rd3+ 34. Kf2 R8d7 35. Re6 R3d6 36. R6e4 h5 37. Rg1 Rd5 38. Rge1 g5 39. Re8 Kg6 40. R8e6 R7d6 41. Rxd6 Rxd6 42. Bb4 Rd5 43. Re6 g4 44. Rxa6 h4 45. Bc3 Rf5+ 46. Kg2 Kg5 47. Bd2+ Kg6 48. a4 bxa4 49. Rxa4 Kh5 50. b4 h3+ 51. Kg1 g3 52. Ra5 Kg4 53. Rxf5 Kxf5 54. b5 Ke5 55. b6 Kd6 56. Bf4+ Kc6 57. Bc7 f5 58. Kf1 f4 59. Bxf4 Kxb6 60. Bxg3 Kc5 61. Kf2 Kd5 62. Bh2 Ke4 63. Kg3 Kd3 64. Kxh3 1/2-1/2

[Event "Online Olym Div4 D"]
[Site "Chess.com INT"]
[Date "2020.08.02"]
[Round "9.4"]
[White "Hasford, John Kojo"]
[Black "Capella, Rurik"]
[Result "1-0"]
[WhiteElo "2039"]
[BlackElo "1952"]
[PlyCount "105"]
[EventDate "2020.07.31"]
[EventType "team-tourn (rapid)"]
[EventRounds "9"]
[EventCountry "USA"]
[SourceTitle "CBM 198"]
[Source "ChessBase"]
[SourceDate "2020.10.31"]
[SourceVersion "1"]
[SourceVersionDate "2020.10.31"]
[SourceQuality "1"]
[WhiteTeam "Ghana"]
[BlackTeam "Netherlands Antilles"]
[WhiteTeamCountry "GHA"]
[BlackTeamCountry "AHO"]

1. d4 Nf6 2. Nf3 g6 3. c4 Bg7 4. Nc3 d6 5. Bf4 0-0 6. e3 Nbd7 7. Be2 c6 8. 0-0 h6 9. h3 a6 10. Rc1 b5 11. d5 Bb7 12. dxc6 Bxc6 13. cxb5 Bxb5 14. Bxb5 axb5 15. a3 Qb6 16. e4 b4 17. Be3 Qb7 18. axb4 Qxb4 19. Qd2 Nxe4 20. Nxe4 Qxe4 21. Bxh6 Ne5 22. Bxg7 Kxg7 23. Nxe5 Qxe5 24. Rfe1 Qf6 25. b4 Rab8 26. Re4 Rb5 27. Rce1 e5 28. f4 exf4 29. Rxf4 Rf5 30. Rxf5 Qxf5 31. Qxd6 Rc8 32. Qe5+ Qxe5 33. Rxe5 Rb8 34. b5 Kf6 35. Rc5 Ke6 36. Kf2 Kd6 37. Rg5 Ke6 38. Ke3 f6 39. Rc5 Kd6 40. Kd4 Ra8 41. Rc6+ Ke7 42. Kc5 Ra2 43. b6 Rxg2 44. b7 Rc2+ 45. Kb6 Rb2+ 46. Kc7 g5 47. b8Q Rxb8 48. Kxb8 Kf7 49. Kc7 Kg6 50. Kd6 Kh5 51. Ke6 f5 52. Kxf5 Kh4 53. Rh6+ 1-0

[Event "Online Olym Div4 D"]
[Site "Chess.com INT"]
[Date "2020.07.31"]
[Round "3.4"]
[White "Capella, Rurik"]
[Black "Botsoe, Koffi"]
[Result "1-0"]
[WhiteElo "1952"]
[BlackElo "1642"]
[PlyCount "93"]
[EventDate "2020.07.31"]
[EventType "team-tourn (rapid)"]
[EventRounds "9"]
[EventCountry "USA"]
[SourceTitle "CBM 198"]
[Source "ChessBase"]
[SourceDate "2020.10.31"]
[SourceVersion "1"]
[SourceVersionDate "2020.10.31"]
[SourceQuality "1"]
[WhiteTeam "Netherlands Antilles"]
[BlackTeam "Togo"]
[WhiteTeamCountry "AHO"]
[BlackTeamCountry "TOG"]

1. e4 Nc6 2. d4 e5 3. d5 Nce7 4. f4 d6 5. Nf3 Bg4 6. h3 Bxf3 7. Qxf3 Nf6 8. Nc3 a6 9. g4 c5 10. fxe5 dxe5 11. g5 Nd7 12. Be3 Ng6 13. h4 Bd6 14. Bh3 Qe7 15. h5 Nf4 16. Bxd7+ Kxd7 17. Na4 Kc7 18. Qf2 b6 19. b4 Rhc8 20. bxc5 Bxc5 21. Nxc5 bxc5 22. Bxf4 exf4 23. Qxf4+ Kd8 24. Rb1 Ra7 25. 0-0 Ke8 26. Rb8 Ra8 27. Rfb1 Kf8 28. Rxa8 Rxa8 29. Rb8+ Rxb8 30. Qxb8+ Qe8 31. Qxe8+ Kxe8 32. Kf2 Ke7 33. e5 f6 34. gxf6+ gxf6 35. exf6+ Kxf6 36. c4 h6 37. Kf3 a5 38. Ke4 a4 39. d6 Ke6 40. d7 Kxd7 41. Kd5 Ke7 42. Kxc5 Kf6 43. Kd6 Kg5 44. c5 Kxh5 45. c6 Kg4 46. c7 h5 47. c8Q+ 1-0

[Event "Olympiad-43"]
[Site "Batumi"]
[Date "2018.09.28"]
[Round "5.74"]
[White "Orio, Rogelio L"]
[Black "Capella, Rurik"]
[Result "1-0"]
[WhiteElo "1793"]
[BlackElo "1979"]
[PlyCount "79"]
[EventDate "2018.09.24"]
[EventType "team-swiss"]
[EventRounds "11"]
[EventCountry "GEO"]
[SourceTitle "CBM 187"]
[Source "ChessBase"]
[SourceDate "2018.12.11"]
[SourceVersion "1"]
[SourceVersionDate "2018.12.11"]
[SourceQuality "1"]
[WhiteTeam "Guam"]
[BlackTeam "Netherlands Antilles"]
[WhiteTeamCountry "GMA"]
[BlackTeamCountry "AHO"]

1. d4 Nf6 2. Bf4 d6 3. e3 g6 4. c3 Bg7 5. Nd2 0-0 6. Be2 Nc6 7. Ngf3 Nh5 8. Bg5 h6 9. Bh4 Nf6 10. h3 e5 11. 0-0 g5 12. Bg3 Qe7 13. Nh2 e4 14. b4 d5 15. a4 Nh7 16. b5 Nd8 17. c4 c6 18. cxd5 cxd5 19. Rc1 f5 20. f3 f4 21. exf4 gxf4 22. Be1 e3 23. Nb3 Bf5 24. Nc5 Qg5 25. Kh1 b6 26. h4 Qh5 27. Nd3 Ne6 28. Ne5 Rac8 29. Rc6 Bxe5 30. dxe5 d4 31. Bc4 d3 32. g4 fxg3 33. Rg1 Kh8 34. Bxg3 e2 35. Qd2 Rg8 36. Bxe6 Rxc6 37. Bxg8 Rc2 38. Qe3 Kxg8 39. e6 Kf8 40. Bd6+ 1-0

[Event "Olympiad-43"]
[Site "Batumi"]
[Date "2018.09.24"]
[Round "1.37"]
[White "Yakubboev, Nodirbek"]
[Black "Capella, Rurik"]
[Result "1-0"]
[WhiteElo "2521"]
[BlackElo "1979"]
[PlyCount "57"]
[EventDate "2018.09.24"]
[EventType "team-swiss"]
[EventRounds "11"]
[EventCountry "GEO"]
[SourceTitle "CBM 187"]
[Source "ChessBase"]
[SourceDate "2018.12.11"]
[SourceVersion "1"]
[SourceVersionDate "2018.12.11"]
[SourceQuality "1"]
[WhiteTeam "Uzbekistan"]
[BlackTeam "Netherlands Antilles"]
[WhiteTeamCountry "UZB"]
[BlackTeamCountry "AHO"]

1. Nc3 Nf6 2. d4 g6 3. e4 d6 4. Bg5 Bg7 5. Qd2 h6 6. Bf4 g5 7. Be3 Ng4 8. Bc4 Nc6 9. Nge2 a6 10. Ng3 Na5 11. Be2 Nxe3 12. fxe3 b5 13. 0-0 0-0 14. Rf2 Be6 15. Raf1 c5 16. Nd5 Nc4 17. Bxc4 bxc4 18. Nf5 Bxf5 19. exf5 cxd4 20. exd4 Rb8 21. h4 f6 22. c3 Rb5 23. Qe2 Rxd5 24. Qe6+ Kh7 25. Qxd5 Qc7 26. Re2 Rg8 27. Rfe1 Bf8 28. Qf7+ Kh8 29. Rxe7 1-0

[Event "Olympiad-41"]
[Site "Tromsoe"]
[Date "2014.08.06"]
[Round "5.4"]
[White "Belzo, Krzysztof"]
[Black "Capella, Rurik"]
[Result "1-0"]
[WhiteElo "2034"]
[BlackElo "2205"]
[PlyCount "80"]
[EventDate "2014.08.02"]
[EventType "team-swiss"]
[EventRounds "11"]
[EventCountry "NOR"]
[SourceTitle "CBM 162"]
[Source "ChessBase"]
[SourceDate "2014.09.17"]
[SourceVersion "1"]
[SourceVersionDate "2014.09.17"]
[SourceQuality "1"]
[WhiteTeam "Jersey"]
[BlackTeam "Netherlands Antilles"]
[WhiteTeamCountry "GCI"]
[BlackTeamCountry "AHO"]

1. c4 g6 2. Nc3 Bg7 3. g3 d6 4. Bg2 Nf6 5. d4 0-0 6. Nf3 c6 7. 0-0 Nbd7 8. h3 Nb6 9. b3 d5 10. c5 Nbd7 11. b4 Ne4 12. Bb2 f5 13. Qb3 Ndf6 14. b5 Nxc3 15. Bxc3 Ne4 16. e3 g5 17. Nd2 Kh8 18. Kh2 Qe8 19. Nxe4 fxe4 20. f3 exf3 21. Rxf3 Qh5 22. Rxf8+ Bxf8 23. Qd1 Qg6 24. bxc6 bxc6 25. e4 Bg7 26. exd5 cxd5 27. Bxd5 Rb8 28. Rc1 g4 29. h4 Bh6 30. Rc2 Bf5 31. Rb2 Rf8 32. Bg2 Bg7 33. Rf2 Bf6 34. Rf1 Qh5 35. Kg1 Bxh4 36. gxh4 Qxh4 37. d5+ Kg8 38. Qd4 Rf6 39. Rxf5 Qh6 40. Rxf6 exf6 1-0